00495nam a22001337a 4500003000500000038001800005082000800023100002000031245014900051264003600200650003600236700003200272856005700304NUST aNusrat Nadeem a200 aNusrat Jabeen,  aThermal Management and Electrical Efficiency Enhancement of Conventional PV Modules using Nano Fluids and Phase Change Material/cJabeen, Nusrat aIslamabad;bUSPCASE NUSTc2026. aPhD-Energy Systems Engineering  aSupervisor: Dr. Adeel Waqas uhttp://10.250.8.41:8080/xmlui/handle/123456789/57204